<?xml version="1.0" encoding="UTF-8"?>
<collection xmlns="http://www.loc.gov/MARC21/slim">
 <record>
  <leader>01587nam a2200229Ia 4500</leader>
  <controlfield tag="001">TDMU_31402</controlfield>
  <controlfield tag="008">210410s9999    xx            000 0 und d</controlfield>
  <datafield tag="082" ind1=" " ind2=" ">
   <subfield code="a">658</subfield>
  </datafield>
  <datafield tag="090" ind1=" " ind2=" ">
   <subfield code="b">NG527</subfield>
  </datafield>
  <datafield tag="100" ind1=" " ind2=" ">
   <subfield code="a">Nguyễn, Thị Dung</subfield>
  </datafield>
  <datafield tag="245" ind1=" " ind2="0">
   <subfield code="a">Thế giới nhân vật kỳ ảo trong truyện cổ tích thần kỳ các dân tộc Việt Nam</subfield>
  </datafield>
  <datafield tag="245" ind1=" " ind2="0">
   <subfield code="c">Nguyễn, Thị Dung (ng.cứu, t.hiểu)</subfield>
  </datafield>
  <datafield tag="245" ind1=" " ind2="0">
   <subfield code="n">Quyển 1</subfield>
  </datafield>
  <datafield tag="260" ind1=" " ind2=" ">
   <subfield code="a">H.</subfield>
  </datafield>
  <datafield tag="260" ind1=" " ind2=" ">
   <subfield code="b">Hội Nhà văn</subfield>
  </datafield>
  <datafield tag="260" ind1=" " ind2=" ">
   <subfield code="c">2017</subfield>
  </datafield>
  <datafield tag="300" ind1=" " ind2=" ">
   <subfield code="a">411tr.</subfield>
  </datafield>
  <datafield tag="520" ind1=" " ind2=" ">
   <subfield code="a">Tổng quan chung về tình hình nghiên cứu thế giới nhân vật kỳ ảo (TGNVKA) trong truyện cổ tích thần kỳ các dân tộc Việt Nam; những vấn đề TGNVKA trong truyện cổ tích thần kỳ; khảo sát và mô tả TGNVKA trong truyện cổ tích thần kỳ; TGNVKA - phương thức phản ánh đ8ạc biệt về thế giới và con người; TGNVKA trong quan niệm nghệ thuật dựng truyện cổ tích</subfield>
  </datafield>
  <datafield tag="650" ind1=" " ind2=" ">
   <subfield code="a">Văn học dân gian</subfield>
   <subfield code="x">Truyện cổ tích</subfield>
   <subfield code="x">Nhân vật kỳ ảo</subfield>
   <subfield code="z">Việt Nam; Nghiên cứu văn học</subfield>
   <subfield code="x">Nhân vật kỳ ảo</subfield>
   <subfield code="x">Truyện cổ tích</subfield>
   <subfield code="z">Việt Nam; Nhân vật kỳ ảo</subfield>
   <subfield code="x">Truyện cổ tích thần kỳ</subfield>
   <subfield code="x">Nghiên cứu văn học</subfield>
  </datafield>
  <datafield tag="700" ind1=" " ind2=" ">
   <subfield code="a">Hội Văn nghệ dân gian Việt Nam</subfield>
  </datafield>
  <datafield tag="856" ind1=" " ind2=" ">
   <subfield code="u">http://lrc.tdmu.edu.vn/opac/search/detail.asp?aID=2&amp;ID=31402</subfield>
  </datafield>
  <datafield tag="980" ind1=" " ind2=" ">
   <subfield code="a">Trung tâm Học liệu Trường Đại học Thủ Dầu Một</subfield>
  </datafield>
 </record>
</collection>
